[Event "FRA-chT3 Gr12 0304"]
[Site "Loire"]
[Date "2004.02.01"]
[Round "6.5"]
[White "Etlicher, Dominique"]
[Black "Quenolle, Philippe"]
[Result "1/2-1/2"]
[WhiteElo "1990"]
[BlackElo "1900"]
[PlyCount "103"]
[EventDate "2003.10.12"]
[EventType "team"]
[EventRounds "9"]
[EventCountry "FRA"]
[SourceTitle "EXT 2008"]
[Source "ChessBase"]
[SourceDate "2007.11.25"]
[SourceVersion "1"]
[SourceVersionDate "2007.11.25"]
[SourceQuality "1"]

1. d4 f5 2. Bg5 h6 3. Bh4 g5 4. e4 Bg7 5. Bg3 fxe4 6. h4 Nf6 7. hxg5 hxg5 8. Rxh8+ Bxh8 9. Nc3 d5 10. f3 Bf5 11. Qd2 a6 12. Qxg5 e6 13. Qh6 Kf7 14. 0-0-0 c6 15. Bh4 Bg7 16. Qf4 Kg8 17. g4 Bg6 18. fxe4 Qf8 19. e5 Ne4 20. Qxf8+ Bxf8 21. Bg2 Bh6+ 22. Kb1 Nd2+ 23. Ka1 Bxc2 24. Re1 Nc4 25. g5 Bg7 26. b3 Na5 27. Bh3 Kf7 28. Kb2 Bd3 29. Re3 Bg6 30. Na4 Nd7 31. Be1 b5 32. Bxa5 bxa4 33. b4 Rb8 34. Ka3 Bf8 35. Rc3 c5 36. bxc5 Rb5 37. Bc7 Nxc5 38. dxc5 Bxc5+ 39. Rxc5 Rxc5 40. Bd6 Rc3+ 41. Kxa4 Rg3 42. Bc5 Bd3 43. Kb4 Rxg5 44. Bd4 Bc4 45. a4 Ke7 46. a5 Rg3 47. Bb6 Kd7 48. Bf2 Rb3+ 49. Ka4 Rb2 50. Bb6 Ra2+ 51. Kb4 Rb2+ 52. Ka4 1/2-1/2

[Event "FRA-chT3 Gr12 0304"]
[Site "Loire"]
[Date "2003.11.15"]
[Round "2.4"]
[White "Etlicher, Dominique"]
[Black "Flouzat, Jean Marc"]
[Result "0-1"]
[WhiteElo "1990"]
[BlackElo "2189"]
[PlyCount "114"]
[EventDate "2003.10.12"]
[EventType "team"]
[EventRounds "9"]
[EventCountry "FRA"]
[SourceTitle "EXT 2008"]
[Source "ChessBase"]
[SourceDate "2007.11.25"]
[SourceVersion "1"]
[SourceVersionDate "2007.11.25"]
[SourceQuality "1"]

1. d4 d5 2. c4 c6 3. Nf3 Nf6 4. Nc3 e6 5. Bg5 h6 6. Bh4 dxc4 7. e4 Be7 8. e5 Nd5 9. Bxe7 Qxe7 10. Bxc4 Qb4 11. Qb3 Qxb3 12. Bxb3 Nxc3 13. bxc3 Ke7 14. Nd2 Nd7 15. Ne4 c5 16. 0-0 b6 17. Nd6 Ba6 18. Bc4 Bxc4 19. Nxc4 g6 20. Nd6 f5 21. a4 a6 22. Rab1 Rhb8 23. Rb3 Ra7 24. Rfb1 Rc7 25. Kf1 Rc6 26. Ke2 Ra8 27. Kd3 Ra7 28. Kd2 Rac7 29. R3b2 cxd4 30. cxd4 Rc3 31. g3 Rf3 32. Ke2 Ra3 33. Rb4 Rc2+ 34. Kf1 Rf3 35. Kg1 Rfxf2 36. Nc8+ Kd8 37. Nxb6 Rg2+ 38. Kh1 Rxh2+ 39. Kg1 Rcg2+ 40. Kf1 Rxg3 41. Nc4 Rh1+ 42. Kf2 Rxb1 43. Rxb1 Rd3 44. Na5 Ra3 45. Rb4 g5 46. Nc4 Ra2+ 47. Kg3 h5 48. Nd6 h4+ 49. Kh3 Ra3+ 50. Kh2 g4 51. Rc4 Ra2+ 52. Kh1 Nb6 53. Rc6 Nd5 54. Rxa6 Nf4 55. Ra8+ Ke7 56. Ra7+ Kf8 57. Ra8+ Kg7 0-1